Paroles "Vive le Roy"-Barbelivien - Statistiques

Statistiques générales
  • Ce quiz a été pris 28 fois
  • Le résultat moyen est 166 sur 245
Statistiques - réponses
Paroles % Correct
d'
100%
de
100%
l'
100%
la
100%
La
100%
la
100%
le
100%
Roi,
94%
Roi.
94%
s'
94%
un
94%
une
94%
Vive
94%
vive
94%
et
88%
il
88%
je
88%
les
88%
En
82%
en
82%
France
82%
France,
82%
Vous
82%
vous
82%
à
76%
des
76%
par
76%
que
76%
comme
71%
elle,
71%
elle
71%
mais
71%
moi".
71%
Pour
71%
pour
71%
qui
71%
avec
65%
bien
65%
dit
65%
entre
65%
êtes
65%
ni
65%
parlez
65%
si
65%
avez
59%
dirai
59%
Etats-Unis.
59%
géographie
59%
île
59%
me
59%
Moscou
59%
nous
59%
sa
59%
sur
59%
votre
59%
y
59%
Bretagne,
53%
chanson
53%
dans
53%
innocence,
53%
parler
53%
plus
53%
Provence,
53%
"Votez
53%
cailloux.
47%
c'était
47%
chance,
47%
cœur.
47%
dernière
47%
dessus
47%
épaule.
47%
fout
47%
genoux.
47%
honneur
47%
jurez
47%
main
47%
ne
47%
plans
47%
relance,
47%
rôle
47%
voix
47%
vos
47%
droite
41%
forêts,
41%
laisse
41%
qu'il
41%
République,
41%
comédien,
35%
discours
35%
envie
35%
faut
35%
lourds.
35%
mauvais
35%
mots
35%
nos
35%
récitez
35%
toute
35%
crier
29%
donnez
29%
d'un
29%
lois
29%
solution
29%
urgence,
29%
voyou.
29%
arrive
24%
aurait
24%
avant
24%
Bonhomme
24%
chômeur,
24%
d'avance
24%
écrit
24%
enfermez
24%
façon
24%
Hugo
24%
Malraux.
24%
murs
24%
musique
24%
paille
24%
pauvre
24%
qu'on
24%
Racontez-
24%
reprenne
24%
Soyez
24%
Versailles.
24%
Victor
24%
vies
24%
De Gaulle
18%
derrières
18%
écouter
18%
quelquefois.
18%
fausse
12%
insolence
12%
l'ignorance
12%
mélanger
12%
vérité.
12%
Aucun quiz correspondant
Distribution des résultats
% des personnes avec chaque résultat
Percentile par nombre de réponses
Votre historique - résultats
Vous n’avez pas pris ce quiz